| Tag |
First Indicator |
Second Indicator |
Subfields |
| LEADER |
00000cas a2200000 a 4500 |
| 001 |
in00000091991 |
| 005 |
20151008064115.0 |
| 008 |
810914c19829999ksufr p 0 a0eng |
| 010 |
|
|
|a 82643364
|z sn 81001957
|
| 016 |
7 |
|
|a 9880000
|2 DNLM
|
| 016 |
7 |
|
|a I30930000
|2 DNLM
|
| 016 |
7 |
|
|a 009860121
|2 Uk
|
| 019 |
|
|
|a 220091897
|
| 022 |
0 |
|
|a 0278-2308
|l 0278-2308
|2 1
|
| 029 |
1 |
|
|a NLM
|b 9880000
|
| 029 |
1 |
|
|a NLGGC
|b 160487862
|
| 029 |
1 |
|
|a NZ1
|b 6184449
|
| 029 |
1 |
|
|a AU@
|b 000044769122
|
| 029 |
1 |
|
|a AU@
|b 000002374076
|
| 029 |
1 |
|
|a ZWZ
|b 03934259X
|
| 032 |
|
|
|a 600750
|b USPS
|
| 035 |
|
|
|a (OCoLC)ocm07757493
|
| 035 |
|
|
|a (OCoLC)7757493
|z (OCoLC)220091897
|
| 037 |
|
|
|b International Social Science Review, Business Manager, 1717 Ames, Winfield, KS 67156
|
| 040 |
|
|
|a DLC
|b eng
|c DLC
|d NSD
|d HUL
|d DLC
|d NSD
|d NST
|d DLC
|d NST
|d OCL
|d NST
|d AIP
|d NST
|d SYS
|d NLM
|d OCLCQ
|d CDS
|d LVB
|d TSU
|d OCLCQ
|d UKMGB
|d OCLCO
|d UtOrBLW
|
| 042 |
|
|
|a pcc
|a nsdp
|
| 049 |
|
|
|a TXAM
|
| 050 |
0 |
0 |
|a H1
|b .S55
|
| 082 |
0 |
4 |
|a 300/.5
|
| 210 |
0 |
|
|a Int. soc. sci. rev.
|
| 222 |
|
0 |
|a International social science review
|
| 245 |
0 |
0 |
|a International social science review.
|
| 264 |
|
1 |
|a Winfield, KS :
|b Pi Gamma Mu,
|c [1982-]
|
| 264 |
|
4 |
|c [©1982-]
|
| 300 |
|
|
|a volumes :
|b illustrations ;
|c 23 cm.
|
| 310 |
|
|
|a Semiannual
|
| 321 |
|
|
|a Quarterly
|
| 336 |
|
|
|a text
|b txt
|2 rdacontent
|
| 337 |
|
|
|a unmediated
|b n
|2 rdamedia
|
| 338 |
|
|
|a volume
|b nc
|2 rdacarrier
|
| 362 |
0 |
|
|a Vol. 57, no. 1 (winter 1982)-
|
| 500 |
|
|
|a Title from cover.
|
| 515 |
|
|
|a Issues for 1994- are combined.
|
| 550 |
|
|
|a Official journal of Pi Gamma Mu, International Honor Society in Social Science.
|
| 650 |
|
0 |
|a Social sciences
|v Periodicals.
|
| 650 |
|
0 |
|a Social problems
|v Periodicals.
|
| 650 |
|
6 |
|a Sciences sociales
|v Périodiques.
|
| 710 |
2 |
|
|a Pi Gamma Mu.
|
| 776 |
0 |
8 |
|i Online version:
|t International social science review
|w (OCoLC)60624853
|
| 780 |
0 |
0 |
|t Social science (Winfield, Kan.)
|x 0037-7848
|w (DLC) 30032092
|
| 850 |
|
|
|a AAP
|a AMAU
|a AzU
|a CLSU
|a CLU
|a CSt
|a CU-Riv
|a CaMWU
|a CaMWUC
|a CaOWA
|a CaOWtU
|a CoFS
|a CoU
|a CtU
|a CtY
|a DLC
|a DeU
|a FU
|a GASU
|a GEU
|a ICU
|a ICarbS
|a IEN
|a IEdS
|a INS
|a IU
|a IaAS
|a IaU
|a InLP
|a InU
|a KMK
|a KyLoU
|a KyU
|a LU
|a MH
|a MdU
|a MiD
|a MiDW
|a MiEM
|a MiU
|a MoU
|a MsU
|a N
|a NBC
|a NIC
|a NN
|a NNStJ
|a NSyU
|a NcD
|a NcRS
|a NcU
|a NcWsW
|a NhU
|a NjP
|a NjR
|a OrU
|a P
|a PPiD
|a PPT
|a PSt
|a PU
|a TxArU
|a TxCM
|a TxLT
|a TxU
|a ULA
|a ViBlbV
|a ViW
|a WaU
|a WvU
|
| 891 |
0 |
3 |
|9 853
|8 1
|a v.
|b no.
|i (year)
|j (season)
|
| 891 |
4 |
0 |
|9 863
|8 1
|a <57>-
|i <1982>-
|x provisional
|
| 891 |
2 |
0 |
|9 853
|8 2
|a v.
|b no.
|u 4
|v r
|i (year) $j (season)
|w q
|x 24
|y ps24,21,22,23
|
| 891 |
4 |
1 |
|9 863
|8 2.1
|a <61>
|b <1>
|i <1986>
|j <24>
|
| 891 |
2 |
0 |
|9 853
|8 3
|a v.
|b no.
|u 4
|v r
|i (year)
|w f
|y ce21/2,3/4
|
| 936 |
|
|
|a winter 1982
|
| 949 |
|
|
|a updated
|b h
|c 2013/10/11
|e spoltoratski
|f 3:38:51 pm
|g m
|
| 994 |
|
|
|a C0
|b TXA
|
| 999 |
|
|
|a MARS
|
| 999 |
f |
f |
|s 01068b32-c910-3a89-93b3-d1d533706798
|i 7e07fc39-eb1b-33c0-9945-b88b647ee6a2
|t 0
|
| 952 |
f |
f |
|p ric
|a Texas A&M University
|b Rellis Campus
|c Joint Library Facility
|d Remote Storage
|t 0
|e H1 .S55
|h Library of Congress classification
|i unmediated -- volume
|k v.57-58
|l 1982-1983
|m A14842854698
|
| 952 |
f |
f |
|p ric
|a Texas A&M University
|b Rellis Campus
|c Joint Library Facility
|d Remote Storage
|t 0
|e H1 .S55
|h Library of Congress classification
|i unmediated -- volume
|k v.61-62
|l 1986-1987
|m A14811429109
|
| 952 |
f |
f |
|p ric
|a Texas A&M University
|b Rellis Campus
|c Joint Library Facility
|d Remote Storage
|t 0
|e H1 .S55
|h Library of Congress classification
|i unmediated -- volume
|k v.59-60
|l 1984-1985
|m A14816930993
|
| 998 |
f |
f |
|a H1 .S55
|s v.57-62 (1982-1987)
|t 0
|l Remote Storage
|